000 00736nas a2200229 4500
001 BR2013010115
003 BR-BrBNA
005 20231205123403.0
007 ta
008 230509b bl.|||p| |||| 00| 00por d
040 _aBR-BrBNA
_bpor
_cBiblioteca Nacional de Agricultura
041 _a(Pt)
072 _aE11
100 1 _aPaulus, G.
245 1 _aA questão agrária atual: especificidades e agricultura camponesa
650 _aAGRICULTURA FAMILIAR
650 _aPOLÍTICAS PÚBLICAS
650 _aREFORMA AGRÁRIA
773 0 _tAgroecologia e Desenvolvimento Rural Sustentável (Brazil)
_xISSN 1519-1060
_g(Sep-Dec 2012), v. 5(3) p. 60-70
_wBR2013010115
909 _a202311
_bLúcia
_c55
_dLúcia Elande
942 _2AGRIS
_n0
_cANA
999 _c233621
_d233621